00912 2200313 4500001002100000005001500021035002000036007000300056008004100059040001700100100002200117245011800139250001700257300003700274504002900311020002200340041000800362082000800370084001400378090001800392260003800410500002900448650001500477850001000492990002400502990002400526990002400550990002400574INLIS00000000000190720260603011459 a0010-0120000350ta260603 0  aSBPUPADbind0 aH. Zaeni Asyhadie1 aHukum Keperdataan dalam Perspektif Hukum Nasional :bPerdata(BW), Hukum Islam dan Hukum Adat /cH. Zaeni Asyhadie a.-ed 1.cet.1 aviii, 237 hlm. :bilus. ;c23 cm aBibliografi, hlm 239-243 a978-602-425-284-70 aind a346 a346 ZAE h a346 ZAE h 8-7 a.--Depok :bRaja Wali Pers,c2018 aprofil penulis: hlm, 257 4aIlmu Hukum aPUPAD a32.862/DAK/DPK/2019 a32.863/DAK/DPK/2019 a32.864/DAK/DPK/2019 a32.865/DAK/DPK/2019